Microsoft Excel 2000

Wedi'i Gadw mewn:
Manylion Llyfryddiaeth
Prif Awdur: Lê Thanh Phong
Fformat: Llyfr
Cyhoeddwyd: Tp.HCM ĐH Quốc gia 2001
Pynciau:
Tagiau: Ychwanegu Tag
Dim Tagiau, Byddwch y cyntaf i dagio'r cofnod hwn!
Thư viện lưu trữ: Trung tâm Học liệu Lê Vũ Hùng, Trường Đại học Đồng Tháp
LEADER 00594pam a22002058a 4500
001 00017658
005 20171026081022.0
008 110421s2001 ||||||Viesd
041 0 # |a Vie 
082 1 4 |a 004  |b M300C 
100 0 # |a Lê Thanh Phong 
245 0 0 |a Microsoft Excel 2000  |c Lê Thanh Dũng 
260 # # |a Tp.HCM  |b ĐH Quốc gia  |c 2001 
300 # # |a 201 tr.  |c 21 cm. 
653 # # |a Excel 2000 
653 # # |a Tin học 
852 # # |b Kho đọc  |j KD.0003092 
852 # # |j KD.0003092 
910 |d 21/04/2011 
980 # # |a Trung tâm Học liệu Lê Vũ Hùng, Trường Đại học Đồng Tháp